000 00476nam a22001577a 4500
008 150921b xxu||||| |||| 00| 0 eng d
020 _a9780558030254
050 _aQA 39.3 .A54 2009
100 _aAbbot, Angel.
_d2009
245 _aA Survey of Mathematics With Applications/
_cAngel, Abbott
260 _aNew York:
_bPearson,
_c2009.
300 _aviii,295p. : ill.
650 _aMathematics
700 _aRunde
942 _2lcc
_cBOOKS
_hQA 69.3 .A54 2009
_01
999 _c6109
_d6109